Lingüística para traducir
Gardado en:
| Autor Principal: | |
|---|---|
| Formato: | Libro |
| Idioma: | Lingua castelá |
| Publicado: |
Barcelona
Teide
1995
|
| Subjects: | |
| Tags: |
Engadir etiqueta
Sen Etiquetas, Sexa o primeiro en etiquetar este rexistro!
|
MARC
| LEADER | 00000nam a2200000 a 4500 | ||
|---|---|---|---|
| 001 | UCM2450 | ||
| 003 | CL-VaPUC | ||
| 008 | 020510e19950000SP |||||||||||||||||spa|d | ||
| 082 | 0 | 4 | |a 418.02 |b MUÑ |2 21 |
| 100 | |a Muñoz Martín, Ricardo |e autor |9 469206 | ||
| 245 | 1 | 0 | |a Lingüística para traducir |
| 300 | |a 328 p | ||
| 942 | |c BK | ||
| 945 | |d 20020510 00:00:00 |a cmena | ||
| 260 | |a Barcelona |b Teide |c 1995 | ||
| 650 | 0 | |a Lingüística aplicada |9 313266 | |
| 650 | 0 | |a Traducción e interpretación |9 315998 | |
| 650 | 0 | |a Comunicación oral |9 307769 | |
| 650 | 7 | |a ESTRUCTURA LINGUISTICA |2 CL-VaPUC |9 453613 | |
| 583 | |a last modification |c 20020510 00:00:00 |k Rodrigo Vera | ||
| 999 | |c 300294 |d 300292 | ||
| 952 | |0 0 |1 0 |4 0 |6 418_020000000000000_MUÑ_1995 |7 0 |8 A |9 357877 |a BIBEDU |b BIBEDU |d 2019-11-21 |i 3622479 |o 418.02 MUÑ 1995 |p 3622479 |r 2019-11-21 |w 2019-11-21 |y BK |k CIT | ||